La crise de 1929 / Causes, déroulement et effets - Statistiques

Statistiques générales
  • Ce quiz a été pris 53 fois
  • Le résultat moyen est 5 sur 20
Statistiques - réponses
Hint Réponse % Correct
Date du jeudi noir 24 octobre 1929
76%
Quelle puissance échappera à la crise grâce à sa politique autarcique ? urss
58%
En quelle année le Royaume-Uni dévaluera de 40% la livre ? 1931
42%
Année à partir de laquelle la surproduction commence 1926
39%
Nombre d'actions vendues à la NYSE le 24 octobre 1929 en millions 13
37%
Nombre d'actions vendues à la NYSE le 29 octobre 1929 en millions 16
37%
Nom des bidonvilles provenant de cette crise hoovervilles
34%
Pourcentage de la population active au chômage aux USA en 1932 40
21%
Pourcentage des automobiles achetées à crédit dans les années 1920 aux USA ? 80
21%
Part du commerce mondial perdue entre 29 et 39 1/3
16%
Crise d'hyperinflation en Allemagne et Putsch de la Brasserie 1923
16%
Surnom donné aux années 1920 des USA ? roaring twenties
16%
Nombre de faillites de banque à cause de la crise 5000
13%
Nom de la plus grande banque autrichienne qui fera faillite à cause du retrait des capitaux des USA kredit anstalt
13%
Nombre de suicides de traders lors du jeudi noir 11
8%
Nom de la banque allemande qui fera également faillite danat bank
8%
Qui a dit "Le centre de la tempête fut l'Europe" ? Hoover
8%
Dates 2nde révolution industrielle 1880 1970
5%
Pourcentage de la production mondiale qui venait des USA ? 42
5%
Krach de la bourse de Vienne 1873
3%
Aucun quiz correspondant
Distribution des résultats
% des personnes avec chaque résultat
Percentile par nombre de réponses
Votre historique - résultats
Vous n’avez pas pris ce quiz